<?xml version="1.0" encoding="UTF-8"?>
<record
    xmlns:xsi="http://www.w3.org/2001/XMLSchema-instance"
    xsi:schemaLocation="http://www.loc.gov/MARC21/slim http://www.loc.gov/standards/marcxml/schema/MARC21slim.xsd"
    xmlns="http://www.loc.gov/MARC21/slim">

  <leader>01275nam a22002777a 4500</leader>
  <controlfield tag="005">20170124103158.0</controlfield>
  <datafield tag="010" ind1=" " ind2=" ">
    <subfield code="a">B-211201</subfield>
  </datafield>
  <datafield tag="020" ind1=" " ind2=" ">
    <subfield code="c">00.00</subfield>
  </datafield>
  <datafield tag="035" ind1=" " ind2=" ">
    <subfield code="a">B-211201</subfield>
  </datafield>
  <datafield tag="037" ind1=" " ind2=" ">
    <subfield code="b">Cen Lib/Ret</subfield>
  </datafield>
  <datafield tag="040" ind1=" " ind2=" ">
    <subfield code="a">DPL</subfield>
    <subfield code="b">HN</subfield>
  </datafield>
  <datafield tag="082" ind1=" " ind2=" ">
    <subfield code="a">634.9095421</subfield>
    <subfield code="b">&#x92C;&#x941;&#x91A;&#x90F; </subfield>
  </datafield>
  <datafield tag="100" ind1=" " ind2=" ">
    <subfield code="a">&#x92C;&#x941;&#x91A;, &#x90F;&#x92E;. &#x90F;&#x928; </subfield>
    <subfield code="9">42260</subfield>
  </datafield>
  <datafield tag="245" ind1=" " ind2=" ">
    <subfield code="a">&#x92E;&#x927;&#x94D;&#x92F;&#x92A;&#x94D;&#x930;&#x926;&#x947;&#x936; &#x915;&#x947; &#x935;&#x928; /</subfield>
    <subfield code="c">&#x90F;&#x92E;. &#x90F;&#x928; &#x92C;&#x941;&#x91A;;&#x905;&#x928;&#x941;&#x935;&#x93E;&#x926;&#x915; &#x915;&#x93E;&#x932;&#x940; &#x926;&#x924;&#x94D;&#x924; &#x91D;&#x93E; </subfield>
  </datafield>
  <datafield tag="246" ind1=" " ind2=" ">
    <subfield code="a">Madhyapradesh ke van /</subfield>
    <subfield code="b">by M. N. Buch;anuvadak Kali Dutt Jha</subfield>
  </datafield>
  <datafield tag="260" ind1=" " ind2=" ">
    <subfield code="a">&#x92D;&#x94B;&#x92A;&#x93E;&#x932; </subfield>
    <subfield code="b">&#x92E;&#x927;&#x94D;&#x92F;&#x92A;&#x94D;&#x930;&#x926;&#x947;&#x936; &#x92E;&#x93E;&#x927;&#x94D;&#x92F;&#x92E; </subfield>
    <subfield code="c">1992</subfield>
  </datafield>
  <datafield tag="270" ind1=" " ind2=" ">
    <subfield code="a">40, &#x92A;&#x94D;&#x930;&#x936;&#x93E;&#x928;&#x93F;&#x915; &#x936;&#x94D;&#x930;&#x947;&#x924;&#x94D;&#x930; &#x905;&#x930;&#x947;&#x930;&#x93E; &#x939;&#x93F;&#x932;&#x94D;&#x938; </subfield>
    <subfield code="b">&#x92D;&#x94B;&#x92A;&#x93E;&#x932; </subfield>
  </datafield>
  <datafield tag="300" ind1=" " ind2=" ">
    <subfield code="a">&#x92D;&#x93F;&#x928;&#x94D;&#x928; &#x92A;&#x943;&#x937;&#x94D;&#x920;. :</subfield>
    <subfield code="c">24&#x938;&#x947;&#x92E;&#x940;(&#x938;&#x91C;&#x93F;&#x932;&#x94D;&#x926;)</subfield>
    <subfield code="b">&#x930;&#x902;&#x917;&#x940;&#x928; &#x938;&#x91A;&#x93F;&#x924;&#x94D;&#x930; </subfield>
  </datafield>
  <datafield tag="500" ind1=" " ind2=" ">
    <subfield code="a">&#x905;&#x928;&#x941;&#x915;&#x94D;&#x930;&#x92E;&#x923;&#x93F;&#x915;&#x93E;  &#x936;&#x93E;&#x92E;&#x93F;&#x932;    </subfield>
  </datafield>
  <datafield tag="650" ind1=" " ind2=" ">
    <subfield code="a">&#x92C;&#x917;&#x940;&#x91A;&#x94B;&#x902;, &#x92B;&#x932; &#x914;&#x930; &#x935;&#x928;</subfield>
    <subfield code="9">90634</subfield>
  </datafield>
  <datafield tag="650" ind1=" " ind2=" ">
    <subfield code="a">&#x935;&#x928;&#x94B;&#x902; &#x915;&#x947; &#x92A;&#x94D;&#x930;&#x915;&#x93E;&#x930; </subfield>
    <subfield code="9">34133</subfield>
  </datafield>
  <datafield tag="650" ind1=" " ind2=" ">
    <subfield code="a">Orchards, Fruits and Foresty</subfield>
    <subfield code="9">90635</subfield>
  </datafield>
  <datafield tag="650" ind1=" " ind2=" ">
    <subfield code="a">Forest types</subfield>
    <subfield code="9">90636</subfield>
  </datafield>
  <datafield tag="700" ind1=" " ind2=" ">
    <subfield code="a">&#x91D;&#x93E;, &#x915;&#x93E;&#x932;&#x940; &#x926;&#x924;&#x94D;&#x924; </subfield>
    <subfield code="9">90637</subfield>
  </datafield>
  <datafield tag="942" ind1=" " ind2=" ">
    <subfield code="2">ddc</subfield>
    <subfield code="c">HN</subfield>
    <subfield code="h">634.9095421</subfield>
    <subfield code="m">&#x92C;&#x941;&#x91A;&#x90F; </subfield>
  </datafield>
  <datafield tag="999" ind1=" " ind2=" ">
    <subfield code="c">120478</subfield>
    <subfield code="d">120478</subfield>
  </datafield>
  <datafield tag="952" ind1=" " ind2=" ">
    <subfield code="0">0</subfield>
    <subfield code="1">0</subfield>
    <subfield code="4">0</subfield>
    <subfield code="7">0</subfield>
    <subfield code="a">L</subfield>
    <subfield code="b">L</subfield>
    <subfield code="d">2015-09-23</subfield>
    <subfield code="e">Cen Lib/Ret</subfield>
    <subfield code="g">0.00</subfield>
    <subfield code="l">1</subfield>
    <subfield code="o">634.9095421 &#x92C;&#x941;&#x91A;&#x90F;</subfield>
    <subfield code="p">B-211201</subfield>
    <subfield code="r">2019-05-20 00:00:00</subfield>
    <subfield code="s">2019-05-07</subfield>
    <subfield code="t">1</subfield>
    <subfield code="v">0.00</subfield>
    <subfield code="w">2015-09-23</subfield>
    <subfield code="y">HN</subfield>
  </datafield>
</record>
